Aspectos contractuales y fiscales sobre Sueldos Salarios

Detalles Bibliográficos
Autor principal: Lp̤ez Lozano, Eduardo
Formato: Libro
Lenguaje:español
Materias:
Acceso en línea:Acceso restringido

MARC

LEADER 00000nam a22000007a 4500
005 20151103115622.0
007 cr|||| ||u|
008 151103s2015 mx ||||| |||| 00| 0 spa d
020 |a 978-368-726-911-3 
035 |a 12928 
040 |a vLex 
090 |c 5643  |d 5643 
100 1 |a Lp̤ez Lozano, Eduardo 
245 1 0 |a Aspectos contractuales y fiscales sobre Sueldos Salarios  |h [Recurso electrn̤ico] /   |c Eduardo Lp̤ez Lozano  
256 |a Servicio en ln̕ea 
300 |a 1 recurso electrn̤ico (Octava edicin̤ 384 pg̀inas) 
506 1 |a Contenido solo disponible en los productos indicados  |d vLex Global  |d vLex Global (Academic Edition, excluding Law Schools)  |d vLex Global (U.S. Academic Edition, Law Schools)  |d vLex Global (U.S. Academic Edition, excluding Law Schools)  |d vLex Global (Academic Edition, Law Schools) 
650 0 4 |a Derecho fiscal  |z Mx̌ico 
740 0 |a vLex libros (servicio en ln̕ea) 
856 4 0 |u http://vlex.com/source/aspectos-contractuales-fiscales-sueldos-salarios-12928  |z Acceso restringido 
942 |c BOOK 
999 0 |a Tax law